| 000 | 00365nam a2200121 4500 | ||
|---|---|---|---|
| 999 |
_c9875 _d9875 |
||
| 008 | 180720b ||||| |||| 00| 0 eng d | ||
| 100 |
_929193 _aDel Mundo, Ida Anita G. |
||
| 245 |
_aJeju island: nature's playground/ _cIda Anita G. Del Mundo |
||
| 260 |
_aPhilippines _bThe Philippine Star _cc2017 |
||
| 300 | _apage E6. | ||
| 650 | 0 |
_929194 _aTourism. |
|
| 942 |
_2ddc _cPER |
||